Tratado completo de sericultura (Record no. 102820)

MARC details
000 -LEADER
campo de control de longitud fija 00849nam a22001815i 4500
001 - NÚMERO DE CONTROL
campo de control 102820
003 - IDENTIFICADOR DE NÚMERO DE CONTROL
campo de control ES-MaACL
005 - FECHA Y HORA DE LA ÚLTIMA TRANSACCIÓN
campo de control 20230906183206.0
007 - CAMPO FIJO DE DESCRIPCIÓN FÍSICA--INFORMACIÓN GENERAL
campo de control de longitud fija t|
008 - DATOS DE LONGITUD FIJA--INFORMACIÓN GENERAL
campo de control de longitud fija 950926b1872 sp ||||1| spa d
040 ## - FUENTE DE CATALOGACIÓN
Centro catalogador/agencia de origen CAM
Lengua de catalogación spa
Centro/agencia transcriptor CAM
100 1# - ENTRADA PRINCIPAL--NOMBRE DE PERSONA
Nombre de persona Espejo y Becerra, Ramón M. de.
9 (RLIN) 47803
245 10 - MENCIÓN DEL TÍTULO
Título Tratado completo de sericultura
Resto del título : con los resultados prácticos de la aclimatación de la morera primitiva del norte de la China é importación de las semillas de gusanos de seda del Japón y del bombyx yama-maï ó gusano del roble y estudios sobre la producción artificial de la seda directamente de las hojas del moral sin el concurso del gusano /
Mención de responsabilidad, etc. por Ramón de Espejo y Becerra.
260 ## - PUBLICACIÓN, DISTRIBUCIÓN, ETC.
Lugar de publicación, distribución, etc. Madrid :
Nombre del editor, distribuidor, etc. Imprenta Nacional,
Fecha de publicación, distribución, etc. 1872.
300 ## - DESCRIPCIÓN FÍSICA
Extensión 179 p. ;
Dimensiones 23 cm.
650 #4 - PUNTO DE ACCESO ADICIONAL DE MATERIA--TÉRMINO DE MATERIA
Término de materia o nombre geográfico como elemento de entrada Sericicultura.
9 (RLIN) 136864
852 ## - LOCALIZACIÓN
Ubicación ES-MaACL
Número de control de estantería T-317-F-1
Holdings
Estatus retirado Estado de pérdida Estado de daño No para préstamo Colección Biblioteca de origen Biblioteca actual Ubicación en estantería Fecha de adquisición Fuente de adquisición Total de préstamos Signatura topográfica completa Código de barras Visto por última vez Precio de reemplazo Tipo de ítem Koha
        Colección de folletos Biblioteca del Ateneo de Madrid Biblioteca del Ateneo de Madrid Depósito folletos 17/01/2008     T-317-F-1 1107331 23/02/2023 23/02/2023 Folleto